[Event "Lisbon Portugal rapid op"]
[Site "Lisbon"]
[Date "2019.02.10"]
[Round "1"]
[White "Rego, Joao Rui Farias Soa"]
[Black "Pastar, Slaven"]
[Result "0-1"]
[WhiteElo "1761"]
[BlackElo "2330"]
[PlyCount "130"]
[EventDate "2019.02.10"]
[EventType "swiss (rapid)"]
[EventRounds "8"]
[EventCountry "POR"]
[SourceTitle "CBM 188 Extra"]
[Source "ChessBase"]
[SourceDate "2019.02.26"]
[SourceVersion "1"]
[SourceVersionDate "2019.02.26"]
[SourceQuality "1"]

1. e4 c5 2. Nf3 e6 3. d3 Nc6 4. Nbd2 d5 5. g3 Nf6 6. Bg2 Be7 7. 0-0 0-0 8. Re1 Rb8 9. e5 Nd7 10. Nf1 b5 11. h4 b4 12. N1h2 Nd4 13. Nxd4 cxd4 14. Qg4 Re8 15. Qxd4 Qc7 16. Qg4 Nxe5 17. Bf4 Nxg4 18. Bxc7 Rb7 19. Bf4 Nxh2 20. Kxh2 Bd7 21. Re2 Bf6 22. Be5 Bxe5 23. Rxe5 Rc8 24. Re2 Rbc7 25. Rc1 a5 26. b3 f6 27. f4 Kf7 28. f5 d4 29. fxe6+ Bxe6 30. Kg1 Bf5 31. Rd2 Re7 32. Kf2 Rce8 33. Bf3 Re3 34. Re2 Rxf3+ 35. Kxf3 Bg4+ 36. Kxg4 Rxe2 37. Kf3 Re3+ 38. Kf2 Ke6 39. Ra1 Re5 40. Kf3 Re3+ 41. Kf2 Re5 42. Kf3 Re3+ 43. Kf2 Kf5 44. a3 Kg4 45. axb4 Rf3+ 46. Ke2 Re3+ 47. Kf2 axb4 48. Ra7 Rf3+ 49. Ke2 g6 50. Rxh7 Rxg3 51. Rd7 Kxh4 52. Rxd4+ Rg4 53. Rxg4+ Kxg4 54. Kd2 f5 55. c4 bxc3+ 56. Kxc3 f4 57. b4 f3 58. Kc4 f2 59. d4 f1Q+ 60. Kc5 Kf5 61. b5 Ke6 62. Kc6 Qc4+ 63. Kb6 Kd6 64. Ka6 Kc7 65. d5 Qa4# 0-1

[Event "POR-ch U16"]
[Site "Luso"]
[Date "2018.03.27"]
[Round "5"]
[White "Monteiro, Paulo Alexandre G"]
[Black "Rego, Joao Rui Farias Soa"]
[Result "0-1"]
[WhiteElo "1519"]
[BlackElo "1651"]
[PlyCount "104"]
[EventDate "2018.03.24"]
[EventType "swiss"]
[EventRounds "7"]
[EventCountry "POR"]
[SourceTitle "EXT 2019"]
[Source "ChessBase"]
[SourceDate "2018.10.10"]
[SourceVersion "1"]
[SourceVersionDate "2018.10.10"]
[SourceQuality "1"]

1. e4 e5 2. Nf3 Nc6 3. Bb5 a6 4. Bxc6 dxc6 5. Nc3 Bg4 6. h3 Bxf3 7. Qxf3 Nf6 8. d3 Bc5 9. Be3 Bxe3 10. Qxe3 Qe7 11. 0-0-0 0-0 12. d4 exd4 13. Rxd4 Rfd8 14. Rhd1 Rxd4 15. Qxd4 Ne8 16. Kb1 Nd6 17. e5 Nb5 18. Nxb5 axb5 19. f4 g6 20. g3 Qe6 21. g4 Qxa2+ 22. Kc1 Qa1+ 23. Kd2 Qa4 24. Qxa4 Rxa4 25. Rf1 Kf8 26. b3 Ra8 27. Kc3 c5 28. Rf2 Ke7 29. Kd3 Ra1 30. c3 Rh1 31. Rf3 Ke6 32. Kc2 c4 33. b4 Rh2+ 34. Kc1 Kd5 35. f5 Kxe5 36. fxg6 fxg6 37. Rf7 Rxh3 38. Rxc7 Rxc3+ 39. Kd2 Rb3 40. Rc5+ Kd4 41. Rxb5 Rb2+ 42. Kd1 Kc3 43. Rxb7 Rxb4 44. Rxh7 Rb1+ 45. Ke2 Kc2 46. Rg7 Rb6 47. Rc7 c3 48. Rc5 Re6+ 49. Kf3 Kd2 50. Rd5+ Kc1 51. Kf4 c2 52. Kg5 Rb6 0-1

[Event "POR-ch U16"]
[Site "Luso"]
[Date "2018.03.26"]
[Round "4"]
[White "Rego, Joao Rui Farias Soa"]
[Black "Rocha, Joao Latino Tavares"]
[Result "1-0"]
[WhiteElo "1651"]
[BlackElo "1419"]
[PlyCount "79"]
[EventDate "2018.03.24"]
[EventType "swiss"]
[EventRounds "7"]
[EventCountry "POR"]
[SourceTitle "EXT 2019"]
[Source "ChessBase"]
[SourceDate "2018.10.10"]
[SourceVersion "1"]
[SourceVersionDate "2018.10.10"]
[SourceQuality "1"]

1. b3 e5 2. Bb2 Nc6 3. e3 Nf6 4. Bb5 d6 5. Ne2 a6 6. Bxc6+ bxc6 7. 0-0 Be7 8. c4 0-0 9. Ng3 c5 10. Nc3 c6 11. d4 cxd4 12. exd4 Qc7 13. dxe5 dxe5 14. Qc2 Ne8 15. Na4 f6 16. c5 g6 17. Nb6 Rb8 18. Nxc8 Qxc8 19. Qc4+ Kh8 20. Rad1 Ng7 21. b4 a5 22. a3 Qb7 23. Bc3 axb4 24. axb4 Rfd8 25. f4 Rxd1 26. Rxd1 Qc7 27. fxe5 fxe5 28. Re1 Re8 29. Bxe5 Qd7 30. Qc3 Bf8 31. Ne4 Qd8 32. Nd6 Re7 33. Rf1 Qa8 34. Nf7+ Kg8 35. Nh6+ Kh8 36. Qc4 Re6 37. Qxe6 Qa2 38. Qxa2 Bxc5+ 39. Kh1 Bg1 40. Rf8# 1-0

[Event "Azores op 4th"]
[Site "Ponta Delgada"]
[Date "2017.12.10"]
[Round "7"]
[White "Rego, Joao Rui Farias Soa"]
[Black "Moniz, Bruno Furtado"]
[Result "1/2-1/2"]
[WhiteElo "1618"]
[BlackElo "1474"]
[PlyCount "113"]
[EventDate "2017.12.07"]
[EventType "swiss"]
[EventRounds "7"]
[EventCountry "POR"]
[SourceTitle "CBM 182 Extra"]
[Source "ChessBase"]
[SourceDate "2018.02.23"]
[SourceVersion "1"]
[SourceVersionDate "2018.02.23"]
[SourceQuality "1"]

1. e4 Nc6 2. d4 e5 3. Nf3 f5 4. Nxe5 Nxe5 5. dxe5 d6 6. exd6 Bxd6 7. exf5 Bxf5 8. Bd3 Qe7+ 9. Qe2 Qxe2+ 10. Kxe2 Bxd3+ 11. Kxd3 0-0-0 12. Ke2 Nf6 13. Nc3 Rhe8+ 14. Be3 Ng4 15. h3 Nxe3 16. fxe3 Bf4 17. Nd1 Re7 18. a4 Rde8 19. Ra3 Bd6 20. Rd3 h5 21. Nc3 h4 22. Rf1 a6 23. b3 Re6 24. Rf3 Rg6 25. Kf1 Rg5 26. Rd5 Rg3 27. Rxg3 Bxg3 28. Ke2 Re6 29. Rf5 Be5 30. Nd1 Bf6 31. Nf2 Rc6 32. Kd2 Rd6+ 33. Nd3 Kd7 34. Ke2 b6 35. Rf1 Rc6 36. Nb4 Rc3 37. Kd2 Rc5 38. Nd3 Rg5 39. Nf4 Rf5 40. Ke2 g5 41. Nd5 Rxf1 42. Kxf1 Be5 43. Nb4 a5 44. Nd3 Bf6 45. Kf2 Ke6 46. Kf3 Bc3 47. Ke4 Bf6 48. Ne1 c5 49. Nf3 Be7 50. Ne5 Bd6 51. Nc4 Bc7 52. Kf3 Kf5 53. e4+ Kf6 54. Kg4 Bd8 55. Nd6 Be7 56. Nc4 Bd8 57. Nd6 1/2-1/2

[Event "POR-ch U14"]
[Site "Luso"]
[Date "2016.07.22"]
[Round "4"]
[White "Rego, Joao Rui Farias Soa"]
[Black "Veiga, Jose Francisco RP"]
[Result "0-1"]
[WhiteElo "1547"]
[BlackElo "1993"]
[PlyCount "70"]
[EventDate "2016.07.20"]
[EventType "swiss"]
[EventRounds "7"]
[EventCountry "POR"]
[SourceTitle "EXT 2018"]
[Source "ChessBase"]
[SourceDate "2017.10.13"]
[SourceVersion "1"]
[SourceVersionDate "2017.10.13"]
[SourceQuality "1"]

1. e4 c5 2. b3 e6 3. Bb2 b6 4. Ne2 Bb7 5. Nbc3 d6 6. d4 cxd4 7. Nxd4 Nf6 8. Bb5+ Nbd7 9. f3 a6 10. Bxd7+ Qxd7 11. Qd2 Be7 12. 0-0-0 0-0 13. g4 Qc7 14. h4 b5 15. h5 b4 16. Na4 h6 17. Qxb4 d5 18. Qb6 Qf4+ 19. Kb1 Rab8 20. e5 Nd7 21. Qc7 Rfd8 22. Bc1 Qxe5 23. Bf4 Qf6 24. Nb6 Nxb6 25. Be5 Rdc8 26. Qxb8 Rxb8 27. Bxf6 Bxf6 28. Rhg1 Bg5 29. Ne2 e5 30. c3 d4 31. Rgf1 Nd5 32. Rfe1 Ne3 33. cxd4 Nxd1 34. Rxd1 Bxf3 35. Re1 Bh4 0-1